Mahabharat Vol.1 (Record no. 13890)
[ view plain ]
| 000 -LEADER | |
|---|---|
| fixed length control field | 00363nam a22001577a 4500 |
| 003 - CONTROL NUMBER IDENTIFIER | |
| control field | OSt |
| 008 - FIXED-LENGTH DATA ELEMENTS--GENERAL INFORMATION | |
| fixed length control field | 260324b |||||||| |||| 00| 0 eng d |
| 020 ## - INTERNATIONAL STANDARD BOOK NUMBER | |
| International Standard Book Number | 9789364488136 |
| 082 ## - DEWEY DECIMAL CLASSIFICATION NUMBER | |
| Classification number | 294.5923 DUM |
| 100 ## - MAIN ENTRY--PERSONAL NAME | |
| Personal name | DUTT,Ramnaryan |
| 245 ## - TITLE STATEMENT | |
| Title | Mahabharat Vol.1 |
| 250 ## - EDITION STATEMENT | |
| Edition statement | 23th Ed |
| 260 ## - PUBLICATION, DISTRIBUTION, ETC. (IMPRINT) | |
| Place of publication, distribution, etc | Gorakhpur |
| Name of publisher, distributor, etc | Geeta Press |
| Date of publication, distribution, etc | 2025 |
| 300 ## - PHYSICAL DESCRIPTION | |
| Extent | 1070p |
| 942 ## - ADDED ENTRY ELEMENTS (KOHA) | |
| Source of classification or shelving scheme | Dewey Decimal Classification |
| Koha item type | Reference Books |
| Withdrawn status | Lost status | Source of classification or shelving scheme | Damaged status | Not for loan | Collection code | Home library | Current library | Date acquired | Source of acquisition | Currency | Cost, normal purchase price | Bill Number | Total Checkouts | Full call number | Acc. no. / Barcode | Date last seen | Actual Cost, discounted price | Bill Date | Koha item type |
|---|---|---|---|---|---|---|---|---|---|---|---|---|---|---|---|---|---|---|---|
| Dewey Decimal Classification | Book Club and Indian Knowledge System | PIET C-LIBRARY | PIET C-LIBRARY | 16/03/2026 | Zafaa Books and Distributors | INR | 500.00 | ZBD0499 | 294.5923 DUM | K178 | 24/03/2026 | 500.00 | 16/03/2026 | Reference Books |